Математические чудеса и тайны. Математические фокусы и головоломки

Bibliographic Details
Main Author: Гарднер М. Мартин
Other Authors: Шилов Г. Е. (редактор), Берман Г. Е. (переводчик)
Language:Russian
Published: Москва, Наука, 1978
Edition:3-е изд.
Subjects:
Format: MixedMaterials Book
KOHA link:https://koha.lib.tpu.ru/cgi-bin/koha/opac-detail.pl?biblionumber=683642

MARC

LEADER 00000nam0a2200000 4500
001 683642
005 20251209090934.0
090 |a 683642 
100 |a 20251209d1978 m||y0rusy5003 ca 
101 1 |a rus  |c eng 
102 |a RU 
105 |a a z 000yy 
181 0 |a i   |b  e  
182 0 |a n 
183 0 |a nc  |2 RDAcarrier 
200 1 |a Математические чудеса и тайны. Математические фокусы и головоломки  |f М. Гарднер  |g под ред. Г. Е. Шилова; пер. с англ. В. С. Берман 
205 |a 3-е изд. 
210 |a Москва  |c Наука  |d 1978 
215 |a 128 с.  |c ил. 
283 |a volume  |2 RDAcarrier 
606 |a Математика занимательная  |9 61007 
610 1 |a головоломки 
610 1 |a фокусы 
610 1 |a игры 
610 1 |a логика 
675 |a 51-8  |v 4 
700 1 |a Гарднер  |b М.  |g Мартин 
702 1 |a Шилов  |b Г. Е.  |4 340 
702 1 |a Берман  |b Г. Е.  |4 730 
801 |a RU  |b 63413507  |c 20251209 
830 |a Ретро2025Каталогизация Кузнецова 
850 |a 63413507 
942 |c BK